[Event "ODJM A 2016"]
[Site "Willingen GER"]
[Date "2016.05.15"]
[Round "2"]
[White "Bosselmann, Tom Linus"]
[Black "Wenninger, Philipp"]
[Result "0-1"]
[Termination "normal"]
[Board "1"]
[WhiteElo "1830"]
[BlackElo "2352"]
[WhiteClock "00:09:57"]
[BlackClock "00:05:15"]
[PlyCount "74"]
[WhiteFideId "12983845"]
[BlackFideId "4648404"]
[EventCountry "GER"]
[EventRounds "9"]
[EventType "swiss"]
[EventDate "2016.05.14"]

1. e4 c6 2. d4 d5 3. Nd2 dxe4 4. Nxe4 Bf5 5. Ng3 Bg6 6. h4 h6 7. Nf3 Nd7 8. Bd3
Bxd3 9. Qxd3 e6 10. Bd2 Ngf6 11. O-O-O Be7 12. Ne4 Nxe4 13. Qxe4 Nf6 14. Qe2
Qd5 15. c4 Qe4 16. Be3 Bd6 17. Rhe1 b5 18. d5 cxd5 19. c5 O-O 20. Rd4 Qh7 21.
Rd2 Rfc8 22. Rc2 Be7 23. Ne5 Qe4 24. Nd3 d4 25. Bf4 Qd5 26. b4 a5 27. g4 axb4
28. Nxb4 Qd8 29. g5 Bxc5 30. Nd3 Ba3+ 31. Kb1 Nd5 32. gxh6 Rxc2 33. Qxc2 Nc3+
34. Ka1 Qd5 35. Re2 Nxe2 36. Ne5 d3 37. h7+ Kxh7 0-1

[Event "ODJM A 2016"]
[Site "Willingen GER"]
[Date "2016.05.15"]
[Round "2"]
[White "Meißner, Felix"]
[Black "Wanner, Lukas"]
[Result "1/2-1/2"]
[Termination "normal"]
[Board "2"]
[WhiteTitle "FM"]
[WhiteElo "2287"]
[BlackElo "2004"]
[WhiteClock "00:15:15"]
[BlackClock "00:27:20"]
[PlyCount "82"]
[WhiteFideId "24671827"]
[BlackFideId "12918148"]
[EventCountry "GER"]
[EventRounds "9"]
[EventType "swiss"]
[EventDate "2016.05.14"]

1. e4 c5 2. Nf3 g6 3. d4 cxd4 4. Qxd4 Nf6 5. e5 Nc6 6. Qa4 Nd5 7. Qe4 Nc7 8.
Nc3 Bg7 9. h4 d5 10. exd6 Qxd6 11. Bf4 Qe6 12. Qxe6 Nxe6 13. Be3 O-O 14. O-O-O
Nc7 15. Nd4 Nxd4 16. Bxd4 Rd8 17. Bxg7 Rxd1+ 18. Kxd1 Kxg7 19. Be2 Be6 20. Bf3
Rd8+ 21. Kc1 b5 22. a3 f5 23. Bc6 a6 24. f4 Rd6 25. Bf3 Kf6 26. Re1 Bd5 27.
Nxd5+ Nxd5 28. g3 Re6 29. Rxe6+ Kxe6 30. Kd2 Kd6 31. b3 e5 32. fxe5+ Kxe5 33.
c4 bxc4 34. bxc4 Nb6 35. Kc3 Nd7 36. Kb4 Kd4 37. Bd5 h6 38. Bb7 Nc5 39. Bc8
Nd3+ 40. Ka5 Nc5 41. Kb4 Nd3+ 1/2-1/2

[Event "ODJM A 2016"]
[Site "Willingen GER"]
[Date "2016.05.15"]
[Round "2"]
[White "Bösel, Alexander"]
[Black "Xu, Xianliang"]
[Result "1/2-1/2"]
[Termination "normal"]
[Board "3"]
[BlackTitle "FM"]
[WhiteElo "1992"]
[BlackElo "2273"]
[WhiteClock "00:26:28"]
[BlackClock "00:00:59"]
[PlyCount "59"]
[WhiteFideId "4623185"]
[BlackFideId "4603230"]
[EventCountry "GER"]
[EventRounds "9"]
[EventType "swiss"]
[EventDate "2016.05.14"]

1. e4 d5 2. exd5 Qxd5 3. Nc3 Qa5 4. d4 c6 5. h3 Bf5 6. Bd3 Bxd3 7. Qxd3 e6 8.
Nf3 Nf6 9. O-O Bd6 10. Ne4 Nxe4 11. Qxe4 Nd7 12. c3 Nf6 13. Qe2 O-O 14. Re1
Rfe8 15. Ne5 Bxe5 16. dxe5 Nd5 17. Qg4 Ne7 18. Bf4 Qb5 19. b3 Qd3 20. Re3 Qg6
21. Rd1 Rad8 22. Qe2 Nd5 23. Rf3 Nxf4 24. Rxf4 Qg5 25. Rfd4 Rd5 26. f4 Qd8 27.
Qd2 h6 28. c4 Rxd4 29. Qxd4 Qa5 30. Qd7 1/2-1/2

[Event "ODJM A 2016"]
[Site "Willingen GER"]
[Date "2016.05.15"]
[Round "2"]
[White "Greßmann, Moritz"]
[Black "Wachinger, David"]
[Result "1-0"]
[Termination "normal"]
[Board "4"]
[WhiteElo "2206"]
[BlackElo "1944"]
[WhiteClock "00:55:11"]
[BlackClock "00:01:03"]
[PlyCount "39"]
[WhiteFideId "24695084"]
[BlackFideId "24692689"]
[EventCountry "GER"]
[EventRounds "9"]
[EventType "swiss"]
[EventDate "2016.05.14"]

1. e4 c5 2. Nf3 d6 3. Bc4 e6 4. O-O Nc6 5. c3 Nf6 6. d3 Be7 7. Bb3 O-O 8. Re1
b5 9. Nbd2 Bb7 10. d4 cxd4 11. cxd4 e5 12. Nf1 Qb6 13. Be3 Ng4 14. dxe5 Nxe3
15. Nxe3 dxe5 16. Nd5 Qd8 17. Qd3 a6 18. Qe3 Nd4 19. Nxd4 Bc5 20. Nc6 1-0

[Event "ODJM A 2016"]
[Site "Willingen GER"]
[Date "2016.05.15"]
[Round "2"]
[White "Dette, Jan"]
[Black "Holtel, Jasper"]
[Result "0-1"]
[Termination "normal"]
[Board "5"]
[BlackTitle "FM"]
[WhiteElo "2023"]
[BlackElo "2269"]
[WhiteClock "00:14:55"]
[BlackClock "00:25:48"]
[PlyCount "64"]
[WhiteFideId "12936677"]
[BlackFideId "12956376"]
[EventCountry "GER"]
[EventRounds "9"]
[EventType "swiss"]
[EventDate "2016.05.14"]

1. f4 Nf6 2. Nf3 g6 3. e3 Bg7 4. Be2 O-O 5. O-O d5 6. d4 c5 7. c3 Nc6 8. b3 Bf5
9. Ne5 Rc8 10. Bb2 Qa5 11. Nd2 Nxe5 12. fxe5 Ne4 13. Nxe4 Bxe4 14. Bf3 Bh6 15.
Qe2 Qa6 16. Qxa6 Bxe3+ 17. Kh1 bxa6 18. Bxe4 dxe4 19. Rae1 cxd4 20. cxd4 Rc2
21. Rxe3 Rxb2 22. Rxe4 Rxa2 23. Rc1 Rb8 24. h3 Rxb3 25. Rc7 Rb1+ 26. Kh2 Rbb2
27. Rg4 e6 28. Rxa7 Rd2 29. d5 exd5 30. e6 fxe6 31. Rb4 Rxg2+ 32. Kh1 Rgb2 0-1

[Event "ODJM A 2016"]
[Site "Willingen GER"]
[Date "2016.05.15"]
[Round "2"]
[White "Böhning, Kilian"]
[Black "Borchert, Louis"]
[Result "1-0"]
[Termination "normal"]
[Board "6"]
[WhiteElo "2229"]
[BlackElo "1774"]
[WhiteClock "01:12:56"]
[BlackClock "00:32:04"]
[PlyCount "51"]
[WhiteFideId "1270499"]
[BlackFideId "12990680"]
[EventCountry "GER"]
[EventRounds "9"]
[EventType "swiss"]
[EventDate "2016.05.14"]

1. e4 e5 2. Nf3 Nc6 3. Bb5 a6 4. Ba4 Nf6 5. d3 Bc5 6. O-O h6 7. c3 Ba7 8. h3
O-O 9. Re1 d6 10. Nbd2 Ne7 11. Nf1 Ng6 12. Ng3 Bd7 13. Bc2 Re8 14. Nf5 Qc8 15.
g4 Kh7 16. d4 Nf4 17. Bxf4 exf4 18. e5 g6 19. exf6 gxf5 20. Nh4 Qd8 21. Rxe8
Bxe8 22. g5 Bd7 23. Qh5 Qf8 24. Bxf5+ Bxf5 25. Nxf5 Re8 26. Nxh6 1-0

[Event "ODJM A 2016"]
[Site "Willingen GER"]
[Date "2016.05.15"]
[Round "2"]
[White "Niesel, Tobias"]
[Black "Hebbering, Tom Elliot"]
[Result "0-1"]
[Termination "normal"]
[Board "7"]
[WhiteElo "1973"]
[BlackElo "2189"]
[WhiteClock "00:32:43"]
[BlackClock "00:25:20"]
[PlyCount "92"]
[WhiteFideId "12962155"]
[BlackFideId "12901750"]
[EventCountry "GER"]
[EventRounds "9"]
[EventType "swiss"]
[EventDate "2016.05.14"]

1. c4 c5 2. g3 g6 3. Bg2 Bg7 4. Nc3 Nc6 5. a3 d6 6. Rb1 a5 7. d3 Nf6 8. e3 Bf5
9. h3 h5 10. Nge2 Qc8 11. Nf4 O-O 12. Nfd5 Nxd5 13. Nxd5 Rb8 14. e4 Bd7 15. Bg5
Re8 16. Nb6 Qc7 17. Nxd7 Qxd7 18. h4 b5 19. Bh3 Qb7 20. cxb5 Qxb5 21. Bd7 Red8
22. Bxc6 Qxc6 23. O-O Rd7 24. Qc2 a4 25. b3 axb3 26. Rxb3 Rxb3 27. Qxb3 Rb7 28.
Qc4 e6 29. Be3 Qb5 30. Qxb5 Rxb5 31. Bf4 d5 32. Bd6 Bd4 33. exd5 exd5 34. a4
Rb2 35. Bf4 Ra2 36. Be3 Bxe3 37. fxe3 Rxa4 38. Rc1 c4 39. dxc4 dxc4 40. Kf2 Kg7
41. Ke2 Kf6 42. Rf1+ Ke6 43. Kd2 Ra2+ 44. Kc3 Rg2 45. Rf3 Kd5 46. Kb4 f5 0-1

[Event "ODJM A 2016"]
[Site "Willingen GER"]
[Date "2016.05.15"]
[Round "2"]
[White "Pluska, Alexander"]
[Black "Stemmler, Fabian"]
[Result "1-0"]
[Termination "normal"]
[Board "8"]
[WhiteElo "2158"]
[BlackElo "1935"]
[WhiteClock "00:35:58"]
[BlackClock "00:14:56"]
[PlyCount "94"]
[WhiteFideId "12975141"]
[BlackFideId "12964808"]
[EventCountry "GER"]
[EventRounds "9"]
[EventType "swiss"]
[EventDate "2016.05.14"]

1. d4 e6 2. e4 d5 3. Nc3 Bb4 4. e5 c5 5. a3 Bxc3+ 6. bxc3 Qa5 7. Bd2 Qa4 8. Qb1
c4 9. h4 Nc6 10. h5 h6 11. Ne2 Nge7 12. g3 Bd7 13. Bh3 O-O-O 14. O-O Rdg8 15.
Nf4 Nd8 16. Kh2 g5 17. hxg6 fxg6 18. Qb4 Qxb4 19. axb4 Kb8 20. Bc1 h5 21. b5 g5
22. Ba3 Rg7 23. Bxe7 Rxe7 24. Ng6 Reh7 25. Nxh8 Rxh8 26. Rfb1 Rf8 27. Kg1 Nf7
28. Ra5 g4 29. Bg2 Ng5 30. Rba1 Kc7 31. Rxa7 Bxb5 32. Ra8 Rb8 33. Rxb8 Kxb8 34.
Kf1 Be8 35. Ke2 Bg6 36. Rh1 Kc7 37. Ke3 Kc6 38. Kf4 Nf7 39. f3 Bxc2 40. Rxh5
gxf3 41. Bxf3 b5 42. Rh2 Bb3 43. Bh5 Nd8 44. Ke3 b4 45. Be8+ Kb6 46. cxb4 Nc6
47. Bxc6 Kxc6 1-0

[Event "ODJM A 2016"]
[Site "Willingen GER"]
[Date "2016.05.15"]
[Round "2"]
[White "Heldt, Nils-Lennart"]
[Black "Syrov, Arkadi"]
[Result "0-1"]
[Termination "normal"]
[Board "9"]
[WhiteElo "1994"]
[BlackElo "2114"]
[PlyCount "62"]
[WhiteFideId "12952109"]
[BlackFideId "12942448"]
[EventCountry "GER"]
[EventRounds "9"]
[EventType "swiss"]
[EventDate "2016.05.14"]

1. d4 Nf6 2. c4 e6 3. Nc3 Bb4 4. Qc2 Nc6 5. Nf3 d6 6. Bg5 O-O 7. e3 e5 8. d5
Nb8 9. Nd2 h6 10. Bh4 a5 11. Bd3 Nbd7 12. O-O Nc5 13. Nde4 g5 14. Nxf6+ Qxf6
15. Bg3 Qg7 16. e4 f5 17. exf5 Nxd3 18. Qxd3 Bxf5 19. Qd2 Qg6 20. a3 Bc5 21.
Ne2 a4 22. Rac1 Rf7 23. Kh1 Raf8 24. Rfd1 Be4 25. f3 Rxf3 26. Nc3 Rf2 27. Bxf2
Rxf2 28. Qxf2 Bxf2 29. Rf1 Bd4 30. Nxe4 Qxe4 31. Rf6 Qd3 0-1

[Event "ODJM A 2016"]
[Site "Willingen GER"]
[Date "2016.05.15"]
[Round "2"]
[White "Bohlsen, Linus"]
[Black "Lüßmann, Thomas"]
[Result "1/2-1/2"]
[Termination "normal"]
[Board "10"]
[WhiteElo "2168"]
[BlackElo "1915"]
[PlyCount "62"]
[WhiteFideId "12958093"]
[BlackFideId "1270602"]
[EventCountry "GER"]
[EventRounds "9"]
[EventType "swiss"]
[EventDate "2016.05.14"]

1. d4 d5 2. c4 c6 3. Nc3 Nf6 4. e3 e6 5. Nf3 Nbd7 6. Qc2 Bd6 7. b3 O-O 8. Bb2
h6 9. Be2 Re8 10. O-O dxc4 11. bxc4 e5 12. dxe5 Nxe5 13. Rfd1 Qe7 14. Nd4 Bc7
15. h3 Be6 16. Nxe6 Qxe6 17. Ne4 Nxe4 18. Qxe4 f5 19. Qd4 Red8 20. Qc3 Qg6 21.
Rab1 Nd7 22. Ba3 Nb6 23. Bf3 f4 24. exf4 Bxf4 25. c5 Nd5 26. Qc4 Qf7 27. Bxd5
Rxd5 28. Rxd5 cxd5 29. Qb3 Re8 30. g3 Bc7 31. Qd3 b6 1/2-1/2

[Event "ODJM A 2016"]
[Site "Willingen GER"]
[Date "2016.05.15"]
[Round "2"]
[White "Garbuz, Vitaliy"]
[Black "Ramien, David"]
[Result "1/2-1/2"]
[Termination "normal"]
[Board "11"]
[WhiteElo "1917"]
[BlackElo "2107"]
[PlyCount "74"]
[WhiteFideId "12990710"]
[BlackFideId "12948241"]
[EventCountry "GER"]
[EventRounds "9"]
[EventType "swiss"]
[EventDate "2016.05.14"]

1. e4 g6 2. d4 Bg7 3. Nc3 d6 4. Nf3 Nf6 5. Be2 O-O 6. O-O Nbd7 7. e5 Ne8 8. Bc4
Nb6 9. Bb3 d5 10. a4 a5 11. Ne1 c6 12. f4 Nc7 13. Ne2 Nc4 14. c3 b5 15. Bc2 b4
16. b3 Nb6 17. cxb4 axb4 18. Nd3 Na6 19. Bd2 Qc7 20. Bxb4 Nxb4 21. Nxb4 f6 22.
Nd3 fxe5 23. fxe5 Rxf1+ 24. Kxf1 Nd7 25. b4 Nb6 26. Bb3 Bh6 27. Kg1 Bf5 28. Nb2
Rf8 29. a5 Nc8 30. Ng3 Be3+ 31. Kh1 Qa7 32. Nxf5 Rxf5 33. b5 Bxd4 34. b6 Bxb6
35. axb6 Qxb6 36. Nd3 e6 37. Rc1 Na7 1/2-1/2

[Event "ODJM A 2016"]
[Site "Willingen GER"]
[Date "2016.05.15"]
[Round "2"]
[White "Reuker, Jari"]
[Black "Fistoul, Boris"]
[Result "1-0"]
[Termination "normal"]
[Board "12"]
[WhiteElo "2081"]
[BlackElo "1876"]
[PlyCount "41"]
[WhiteFideId "12909300"]
[BlackFideId "12953962"]
[EventCountry "GER"]
[EventRounds "9"]
[EventType "swiss"]
[EventDate "2016.05.14"]

1. e4 e6 2. d4 b6 3. Nf3 Bb7 4. Bd3 c5 5. c3 Nf6 6. Qe2 Be7 7. O-O Nc6 8. dxc5
bxc5 9. e5 Nd5 10. Na3 a6 11. Rd1 Nb6 12. Be4 Qc7 13. Nc4 Nxc4 14. Qxc4 f5 15.
exf6 gxf6 16. Bf4 e5 17. Be3 Na5 18. Qa4 c4 19. Bxb7 Nxb7 20. Rd5 Bd6 21. Nd2
1-0

[Event "ODJM A 2016"]
[Site "Willingen GER"]
[Date "2016.05.15"]
[Round "2"]
[White "Acikel, Mert"]
[Black "Zahn, Benno"]
[Result "0-1"]
[Termination "normal"]
[Board "13"]
[WhiteElo "1883"]
[BlackElo "2106"]
[PlyCount "68"]
[WhiteFideId "12956465"]
[BlackFideId "24636070"]
[EventCountry "GER"]
[EventRounds "9"]
[EventType "swiss"]
[EventDate "2016.05.14"]

1. e4 c5 2. Nf3 e6 3. d4 cxd4 4. Nxd4 Nc6 5. Nc3 Qc7 6. Nxc6 bxc6 7. Bc4 Nf6 8.
Bb3 Be7 9. Be3 O-O 10. f3 d5 11. exd5 cxd5 12. Qe2 Bd7 13. g4 Rfd8 14. h4 Bc6
15. O-O-O d4 16. Rxd4 Rxd4 17. Bxd4 Qf4+ 18. Qe3 Qxe3+ 19. Bxe3 Bxf3 20. Rg1
Bxg4 21. Bg5 Bf3 22. Rg3 Bc6 23. Ne2 Kf8 24. Rc3 Be4 25. Nd4 h6 26. Be3 Ng4 27.
Bg1 Bxh4 28. Nb5 Rd8 29. Bc5+ Kg8 30. Nd6 Bg5+ 31. Kb1 Be7 32. Rc4 Bxd6 33.
Rxe4 Bxc5 34. c3 h5 0-1

[Event "ODJM A 2016"]
[Site "Willingen GER"]
[Date "2016.05.15"]
[Round "2"]
[White "Ciolek, Andreas"]
[Black "Hofmann, Marko"]
[Result "1-0"]
[Termination "normal"]
[Board "14"]
[WhiteElo "2102"]
[BlackElo "1812"]
[PlyCount "109"]
[WhiteFideId "12906727"]
[BlackFideId "12935875"]
[EventCountry "GER"]
[EventRounds "9"]
[EventType "swiss"]
[EventDate "2016.05.14"]

1. e4 e6 2. d4 d5 3. Nc3 Bb4 4. exd5 exd5 5. Bd3 Ne7 6. Qf3 Nbc6 7. Nge2 Be6 8.
a3 Bxc3+ 9. bxc3 Qd7 10. Ng3 O-O-O 11. O-O h5 12. Re1 Rdg8 13. a4 h4 14. Nf1 g5
15. Ba3 g4 16. Qe2 Ng6 17. g3 hxg3 18. fxg3 Nf8 19. Rab1 Nh7 20. Bc1 Ng5 21.
Bxg5 Rxg5 22. Rb5 Rgh5 23. a5 Qd6 24. Reb1 b6 25. axb6 axb6 26. Qf2 R8h6 27.
R5b2 Qe7 28. Re1 Rf6 29. Qe2 Qd6 30. Ra2 Rfh6 31. Ra8+ Kd7 32. Qf2 Qe7 33. Ba6
Rh8 34. Rxh8 Rxh8 35. c4 Qb4 36. cxd5 Bxd5 37. c4 Bf3 38. Bb5 Kc8 39. d5 Na5
40. Rc1 Kb8 41. Qd4 Rd8 42. Ne3 Rg8 43. Nc2 Qd6 44. Qe3 Rh8 45. Nd4 Rh3 46.
Qe8+ Ka7 47. Bc6 Rxg3+ 48. Kf2 Rg2+ 49. Kf1 Rf2+ 50. Kxf2 Qxh2+ 51. Ke3 Nxc4+
52. Rxc4 Qg1+ 53. Kf4 Qh2+ 54. Kg5 f6+ 55. Kg6 1-0

[Event "ODJM A 2016"]
[Site "Willingen GER"]
[Date "2016.05.15"]
[Round "2"]
[White "Steffens, Oliver"]
[Black "Beesk, Kevin"]
[Result "1/2-1/2"]
[Termination "normal"]
[Board "15"]
[WhiteElo "1814"]
[BlackElo "1961"]
[PlyCount "65"]
[WhiteFideId "12947148"]
[BlackFideId "1271882"]
[EventCountry "GER"]
[EventRounds "9"]
[EventType "swiss"]
[EventDate "2016.05.14"]

1. e4 c5 2. Nf3 e6 3. c4 Nc6 4. Nc3 a6 5. Be2 Qc7 6. O-O b6 7. d4 cxd4 8. Nxd4
Bb7 9. Be3 Nf6 10. Nxc6 Bxc6 11. Bd3 Bc5 12. Qe2 O-O 13. Bxc5 bxc5 14. e5 Ne8
15. f4 f5 16. Rad1 Rb8 17. Rd2 Kh8 18. Qe3 Qb6 19. Bc2 Qb4 20. b3 Nc7 21. Na4
Bxa4 22. bxa4 Qxc4 23. Bb3 Nd5 24. Rxd5 Rxb3 25. Qxc5 Qxc5+ 26. Rxc5 Ra3 27.
Ra5 Ra8 28. Rd1 Rxa2 29. Rxd7 Kg8 30. Re7 Rc8 31. h4 Rcc2 32. Rd7 Rxg2+ 33. Kh1
1/2-1/2

[Event "ODJM A 2016"]
[Site "Willingen GER"]
[Date "2016.05.15"]
[Round "2"]
[White "Müller, Max"]
[Black "Roos, Elias"]
[Result "1-0"]
[Termination "normal"]
[Board "16"]
[WhiteElo "1960"]
[BlackElo "1722"]
[PlyCount "55"]
[WhiteFideId "12900486"]
[BlackFideId "12953415"]
[EventCountry "GER"]
[EventRounds "9"]
[EventType "swiss"]
[EventDate "2016.05.14"]

1. e4 c5 2. Nf3 d6 3. d4 cxd4 4. Nxd4 Nf6 5. Nc3 a6 6. Bg5 e6 7. f4 Qc7 8. Qf3
b5 9. O-O-O Bb7 10. Bd3 b4 11. Nce2 Nbd7 12. g4 Be7 13. h4 Rc8 14. Kb1 Nc5 15.
Bxf6 gxf6 16. f5 e5 17. Nb3 Qb6 18. Nec1 Nd7 19. Qe2 a5 20. Bb5 Qc7 21. Rhe1
Kf8 22. Bxd7 Qxd7 23. Nxa5 Ba8 24. Nc4 Qc6 25. b3 Rd8 26. Qd2 h6 27. Qxb4 Qc7
28. Qb6 1-0

[Event "ODJM A 2016"]
[Site "Willingen GER"]
[Date "2016.05.15"]
[Round "2"]
[White "Schmidt, Daniel"]
[Black "Meyer, Henrik"]
[Result "0-1"]
[Termination "normal"]
[Board "17"]
[WhiteElo "1861"]
[BlackElo "2068"]
[PlyCount "110"]
[WhiteFideId "12957950"]
[BlackFideId "12958182"]
[EventCountry "GER"]
[EventRounds "9"]
[EventType "swiss"]
[EventDate "2016.05.14"]

1. c4 e5 2. Nc3 Nc6 3. g3 f5 4. Bg2 Nf6 5. e3 d6 6. Nge2 Be6 7. b3 d5 8. cxd5
Nxd5 9. O-O Be7 10. Bb2 O-O 11. Rc1 Qd7 12. d4 exd4 13. Nxd4 Nxc3 14. Bxc3 Nxd4
15. Qxd4 Qxd4 16. exd4 c6 17. Rfe1 Kf7 18. Rc2 Bf6 19. Rce2 Rfe8 20. f4 Rad8
21. Rd2 Rd7 22. Kf2 Red8 23. Red1 Bd5 24. Bf1 g5 25. Bd3 Be6 26. Bf1 gxf4 27.
gxf4 Bd5 28. Bh3 Be4 29. Bf1 Bh4+ 30. Ke3 b5 31. Bd3 Re8 32. Bxe4 Rxe4+ 33. Kf3
Rde7 34. Rd3 Re2 35. R1d2 Rxd2 36. Bxd2 Rd7 37. Bc3 Bf6 38. Ke3 Ke6 39. Bb2 Kd5
40. Bc3 Re7+ 41. Kf3 Re4 42. a3 Bxd4 43. Bxd4 Rxd4 44. Re3 Kd6 45. Kg3 c5 46.
Rf3 c4 47. bxc4 bxc4 48. Kh4 Rd3 49. Rf2 c3 50. Kg5 Rd2 51. Rf3 c2 52. Rc3 Ke6
53. Rc6+ Kd5 54. Rc8 Ke4 55. Re8+ Kd3 0-1

[Event "ODJM A 2016"]
[Site "Willingen GER"]
[Date "2016.05.15"]
[Round "2"]
[White "Diller, Daniel"]
[Black "Schilay, Lorenz"]
[Result "1-0"]
[Termination "normal"]
[Board "18"]
[WhiteElo "1903"]
[BlackElo "1762"]
[PlyCount "99"]
[WhiteFideId "12908983"]
[BlackFideId "12930180"]
[EventCountry "GER"]
[EventRounds "9"]
[EventType "swiss"]
[EventDate "2016.05.14"]

1. c4 e5 2. g3 Nf6 3. Bg2 d5 4. cxd5 Nxd5 5. Nc3 Nb6 6. Nf3 Nc6 7. O-O Be7 8.
a3 Be6 9. d3 Nd5 10. Bd2 O-O 11. Rc1 f5 12. Na4 Nb6 13. Be3 Nxa4 14. Qxa4 Bd5
15. Bc5 Bxc5 16. Rxc5 Qd6 17. Rfc1 Ne7 18. e4 Bc6 19. Qc4+ Kh8 20. Nxe5 Qf6 21.
Nxc6 Nxc6 22. exf5 Qxb2 23. Bxc6 bxc6 24. Qc3 Rab8 25. Qxb2 Rxb2 26. g4 g6 27.
Rxc6 gxf5 28. g5 Rf7 29. Rxc7 Rxc7 30. Rxc7 Rb3 31. Rxa7 Rxd3 32. Kg2 Rd4 33.
f3 f4 34. Kh3 Rd2 35. Kg4 Rxh2 36. Kxf4 h6 37. g6 Rh5 38. Ke4 Rg5 39. g7+ Kg8
40. f4 Rg1 41. f5 Re1+ 42. Kf4 Rd1 43. f6 Rf1+ 44. Ke5 Re1+ 45. Kf5 Rf1+ 46.
Ke6 Re1+ 47. Kd6 Rd1+ 48. Ke7 Re1+ 49. Kd7 Rd1+ 50. Ke8 1-0

[Event "ODJM A 2016"]
[Site "Willingen GER"]
[Date "2016.05.15"]
[Round "2"]
[White "Grohmann, Alexander"]
[Black "Wagner, Robert"]
[Result "1/2-1/2"]
[Termination "normal"]
[Board "19"]
[WhiteElo "1801"]
[BlackElo "2009"]
[PlyCount "54"]
[WhiteFideId "12947679"]
[BlackFideId "24656879"]
[EventCountry "GER"]
[EventRounds "9"]
[EventType "swiss"]
[EventDate "2016.05.14"]

1. d4 d5 2. c4 e6 3. cxd5 exd5 4. Nc3 c6 5. Nf3 Nf6 6. Bg5 Be7 7. e3 h6 8. Bf4
Bf5 9. Be2 Nbd7 10. O-O O-O 11. h3 Ne4 12. Nxe4 Bxe4 13. Nd2 Bf5 14. Bg4 Bxg4
15. Qxg4 Nf6 16. Qe2 Bd6 17. Bxd6 Qxd6 18. a3 Rae8 19. Qd3 Ne4 20. Nxe4 Rxe4
21. g3 Rfe8 22. Kg2 h5 23. h4 R8e6 24. Rh1 Qe7 25. Qd1 g6 26. Rc1 Rd6 27. Qc2
Ree6 1/2-1/2

[Event "ODJM A 2016"]
[Site "Willingen GER"]
[Date "2016.05.15"]
[Round "2"]
[White "Terhuven, Patrick"]
[Black "Wachinger, Nikolas"]
[Result "1-0"]
[Termination "normal"]
[Board "20"]
[WhiteElo "2125"]
[BlackElo "1542"]
[PlyCount "49"]
[WhiteFideId "12919098"]
[BlackFideId "12962791"]
[EventCountry "GER"]
[EventRounds "9"]
[EventType "swiss"]
[EventDate "2016.05.14"]

1. Nf3 Nf6 2. d4 g6 3. c4 Bg7 4. Nc3 d6 5. e4 O-O 6. Be2 e5 7. O-O Nc6 8. d5
Ne7 9. Nd2 Nd7 10. b4 a5 11. bxa5 Rxa5 12. Nb3 Ra8 13. a4 f5 14. a5 Nc5 15.
Nxc5 dxc5 16. Be3 b6 17. axb6 Rxa1 18. Qxa1 cxb6 19. Qb1 f4 20. Bc1 Bd7 21. f3
Nc8 22. Nd1 Qh4 23. Nf2 g5 24. Bb2 g4 25. fxg4 1-0

[Event "ODJM A 2016"]
[Site "Willingen GER"]
[Date "2016.05.15"]
[Round "2"]
[White "Huber, Marinus"]
[Black "Hartmann, Jakob"]
[Result "1/2-1/2"]
[Termination "normal"]
[Board "21"]
[WhiteElo "1639"]
[BlackElo "1983"]
[PlyCount "87"]
[WhiteFideId "12979856"]
[BlackFideId "12918067"]
[EventCountry "GER"]
[EventRounds "9"]
[EventType "swiss"]
[EventDate "2016.05.14"]

1. e4 e5 2. Nf3 Nc6 3. Bc4 Bc5 4. d3 Nf6 5. Nc3 d6 6. Be3 Bg4 7. O-O Nd4 8.
Bxd4 Bxd4 9. Rb1 O-O 10. Nd5 c6 11. Ne3 Bh5 12. Nf5 d5 13. exd5 cxd5 14. Bb3
Bb6 15. Ng3 Re8 16. Nxh5 Nxh5 17. Re1 Nf4 18. Qd2 Qf6 19. g3 Nh3+ 20. Kg2 e4
21. dxe4 dxe4 22. Ng1 Nxg1 23. Kxg1 e3 24. fxe3 Qf3 25. Qg2 Bxe3+ 26. Kh1 Qxg2+
27. Kxg2 Bd2 28. Rxe8+ Rxe8 29. Kf2 Be3+ 30. Kf3 Bg5 31. Rf1 Rd8 32. Rf2 Bf6
33. c3 Kf8 34. Re2 Re8 35. Rxe8+ Kxe8 36. Ke4 Ke7 37. g4 Bg5 38. Bd5 b6 39. c4
Bc1 40. b4 Ba3 41. b5 Bd6 42. h3 Kf6 43. a4 Bc5 44. Kf4 1/2-1/2

[Event "ODJM A 2016"]
[Site "Willingen GER"]
[Date "2016.05.15"]
[Round "2"]
[White "Schimnatkowski, Lukas"]
[Black "Nguyen, Ha Thanh"]
[Result "1-0"]
[Termination "normal"]
[Board "22"]
[WhiteElo "1978"]
[BlackElo "1704"]
[PlyCount "53"]
[WhiteFideId "12936723"]
[BlackFideId "12942154"]
[EventCountry "GER"]
[EventRounds "9"]
[EventType "swiss"]
[EventDate "2016.05.14"]

1. e4 c5 2. b3 Nf6 3. Nc3 Nc6 4. Bb2 g6 5. f4 d6 6. Nf3 Bg7 7. Qe2 O-O 8. O-O-O
a6 9. Qe3 b5 10. h3 Nd7 11. g4 b4 12. Na4 Bxb2+ 13. Nxb2 Qc7 14. h4 Nb6 15. f5
Nd7 16. h5 Nde5 17. hxg6 fxg6 18. Bc4+ Nxc4 19. Nxc4 Rf6 20. Ng5 gxf5 21. gxf5
h6 22. Rdg1 Kf8 23. Nh7+ Ke8 24. Rg8+ Kd7 25. Nxf6+ exf6 26. Rg7+ Ne7 27. Rxh6
1-0

[Event "ODJM A 2016"]
[Site "Willingen GER"]
[Date "2016.05.15"]
[Round "2"]
[White "Kublanov, Carolin"]
[Black "Quante, Lennart"]
[Result "0-1"]
[Termination "normal"]
[Board "23"]
[WhiteElo "1541"]
[BlackElo "2062"]
[PlyCount "118"]
[WhiteFideId "12944548"]
[BlackFideId "12979627"]
[EventCountry "GER"]
[EventRounds "9"]
[EventType "swiss"]
[EventDate "2016.05.14"]

1. d4 Nf6 2. Nf3 g6 3. e3 Bg7 4. b3 c5 5. Bb2 cxd4 6. exd4 d5 7. Bd3 Nc6 8.
Nbd2 O-O 9. O-O Nb4 10. Be2 Bf5 11. Ne1 Ne4 12. Nd3 Nxd2 13. Qxd2 Nc6 14. Ne5
Nxe5 15. dxe5 Qc7 16. f4 Qxc2 17. Qxc2 Bxc2 18. Ba3 f6 19. Bxe7 Rfe8 20. exf6
Bf8 21. Bf3 Be4 22. Bxe4 dxe4 23. Bxf8 Rxf8 24. Rfe1 Rae8 25. Rac1 Rxf6 26. g3
Ra6 27. Rc2 Rd6 28. Rc7 Rd2 29. Rxb7 Rxa2 30. Rb4 e3 31. Ra4 Rxa4 32. bxa4 Re4
33. a5 Ra4 34. Rxe3 Rxa5 35. Re7 Ra2 36. Rb7 a5 37. Ra7 a4 38. Kh1 a3 39. Kg1
Kf8 40. Rxh7 Rb2 41. Ra7 a2 42. h4 Rb1+ 43. Kh2 a1=Q 44. Rxa1 Rxa1 45. Kh3 Kg7
46. Kg4 Ra3 47. Kh3 Kh6 48. Kg4 Rb3 49. h5 gxh5+ 50. Kh4 Kg6 51. Kh3 Kf5 52.
Kh4 Rb2 53. Kh3 Ra2 54. g4+ hxg4+ 55. Kg3 Ra3+ 56. Kg2 Kxf4 57. Kg1 Kf3 58. Kh2
Kf2 59. Kh1 Rh3# 0-1

[Event "ODJM A 2016"]
[Site "Willingen GER"]
[Date "2016.05.15"]
[Round "2"]
[White "Hauk, Viktoria"]
[Black "Knudsen, Simon"]
[Result "0-1"]
[Termination "normal"]
[Board "24"]
[WhiteElo "1489"]
[BlackElo "1907"]
[PlyCount "52"]
[WhiteFideId "12929093"]
[BlackFideId "12985546"]
[EventCountry "GER"]
[EventRounds "9"]
[EventType "swiss"]
[EventDate "2016.05.14"]

1. d4 Nf6 2. Bf4 d5 3. Nf3 c5 4. e3 Nc6 5. c4 cxd4 6. exd4 e6 7. a3 Bd6 8. Bxd6
Qxd6 9. c5 Qc7 10. b4 O-O 11. Be2 e5 12. dxe5 Nxe5 13. h3 Nxf3+ 14. Bxf3 Qe5+
15. Be2 Qxa1 16. O-O Bf5 17. Bd3 Bxd3 18. Qxd3 Qe5 19. Qf3 Rfe8 20. Nc3 Ne4 21.
Rc1 Nxc3 22. Rxc3 d4 23. Rc1 Qe4 24. Qb3 Rad8 25. Rd1 d3 26. f3 Qe2 0-1